000 01434nam a22002177a 4500
008 230721s2018 xxk|||||o|||| 00| 0 eng d
041 _aeng
110 _aRoyal Institution of Chartered Surveyors
245 _aPerceptions of value premiums and workplace productivity in green office buildings in India
_h[Electronic resource]
260 _aLondon,
_bRICS Resesarch Trust,
_cJuly 2018
300 _a34p.
490 _aRICS Research
520 _aGreen building, as defined by the Indian Green Building Council (IGBC), uses less water, optimises energy efficiency, conserves natural resources, generates less waste and provides healthier spaces for occupants, as compared to a conventional building. The purpose of this research was to understand current viability and uptake of green certified buildings among investors, developers, tenants and employers in India. With this objective, this research investigated the value premiums and workplace productivity gains associated with green certified buildings in India
650 _aGREEN BUILDINGS
650 _aRENTAL VALUES
651 _aIndia
690 _96227
_aCommercial property
710 _aRoyal Institution of Chartered Surveyors
856 _uhttps://www.propertyresearchtrust.org/uploads/1/3/4/8/134819607/perceptions_of_value_premiums_and_workplace_productivity_in_green_office_buildings_in_india.pdf
_zAvailable free via Property Research Trust
942 _n0
999 _c121614
_d121614